[Event "2016 Zone 4.3 Individual Chess Championships - Open"]
[Site "Hotel Riu Le Morne, Mauritius"]
[Date "2016.04.24"]
[Round "1"]
[Board "1"]
[White "JULIO, Joao Do Santos"]
[Black "SILVA, David"]
[Result "1/2-1/2"]
[WhiteElo "2111"]
[BlackElo "2342"]
[PlyCount "0"]
[EventDate "2016.04.24"]
[EventRounds "9"]
[EventCountry "MRI"]

1. e4 e6 2. d4 d5 3. exd5 exd5 4. Bd3 Bd6 5. h3 Ne7 6. Qf3 O-O 7. Bg5 h6 8. Bh4
Nbc6 9. c3 f5 10. Qh5 Bd7 11. Ne2 f4 12. Bxe7 Nxe7 13. Nd2 b5 14. O-O Be8 15.
Qh4 Rf6 16. Qg4 Bd7 17. Qh5 Qf8 18. Qf3 Qf7 19. c4 c6 20. cxb5 cxb5 21. a3 Nf5
22. Nc3 Nxd4 23. Qxd5 Qxd5 24. Nxd5 Re6 25. f3 Ne2+ 26. Kh2 Ng3 27. Rfe1 Rc8
28. Ne4 Nxe4 29. Bxe4 Rf8 30. Red1 g6 31. Rac1 1/2-1/2

[Event "2016 Zone 4.3 Individual Chess Championships - Open"]
[Site "Hotel Riu Le Morne, Mauritius"]
[Date "2016.04.24"]
[Round "1"]
[Board "2"]
[White "SOARES, Erikson"]
[Black "MARIE, Patrick"]
[Result "1-0"]
[WhiteElo "2265"]
[BlackElo "2065"]
[PlyCount "0"]
[EventDate "2016.04.24"]
[EventRounds "9"]
[EventCountry "MRI"]

1. Nf3 d5 2. g3 Nf6 3. Bg2 e6 4. O-O Be7 5. d4 O-O 6. c4 Nbd7 7. a4 b6 8. Nc3
Bb7 9. Ne5 Qc8 10. a5 bxa5 11. Nxd7 Qxd7 12. c5 e5 13. dxe5 Ng4 14. Nxd5 Bxd5
15. Qxd5 Qxd5 16. Bxd5 Rad8 17. Bf3 Nxe5 18. Rxa5 Nxf3+ 19. exf3 c6 20. Be3 Bf6
21. Rxa7 Bxb2 22. Ra6 Rc8 23. Rb1 Bf6 24. Rbb6 Rfd8 25. Rxc6 Kf8 26. Kf1 Ke8
27. Ke2 Kd7 28. Rxc8 Rxc8 29. c6+ Kd6 1-0

[Event "2016 Zone 4.3 Individual Chess Championships - Open"]
[Site "Hotel Riu Le Morne, Mauritius"]
[Date "2016.04.24"]
[Round "1"]
[Board "3"]
[White "CHINASAMY, Devarajen"]
[Black "PHILLIPS, Roy"]
[Result "0-1"]
[WhiteElo "2030"]
[BlackElo "2223"]
[PlyCount "0"]
[EventDate "2016.04.24"]
[EventRounds "9"]
[EventCountry "MRI"]

1. e4 g6 2. d4 Bg7 3. Nc3 d6 4. Be3 a6 5. a4 b6 6. Bc4 e6 7. Nge2 Ne7 8. Qd2 h6
9. Bb3 Nd7 10. O-O Nf6 11. f3 Bb7 12. Nf4 Qd7 13. Nd3 Kf8 14. Ne2 Kg8 15. c4
Kh7 16. Bc2 Rhf8 17. Nf2 Rad8 18. a5 b5 19. b3 c6 0-1

[Event "2016 Zone 4.3 Individual Chess Championships - Open"]
[Site "Hotel Riu Le Morne, Mauritius"]
[Date "2016.04.24"]
[Round "1"]
[Board "4"]
[White "GAEALAFSHWE, Barileng"]
[Black "KOSTER, Jeroen Louis"]
[Result "1-0"]
[WhiteElo "2203"]
[BlackElo "1866"]
[PlyCount "0"]
[EventDate "2016.04.24"]
[EventRounds "9"]
[EventCountry "MRI"]

1. Nf3 Nf6 2. c4 d6 3. d4 g6 4. Nc3 Bg7 5. e4 O-O 6. Be2 Na6 7. O-O c5 8. Re1
Bd7 9. Bf1 cxd4 10. Nxd4 Nc5 11. f3 Ne6 12. Nb3 Nh5 13. Be3 b6 14. Qd2 Bc6 15.
Rac1 Be5 16. Nd5 Qd7 17. g4 Nf6 18. f4 Nxe4 19. Qg2 Nxf4 20. Bxf4 Bxf4 21. Nxf4
Nf6 22. Nd5 Bxd5 23. cxd5 Nxg4 24. Nd4 Ne5 25. Bb5 Qb7 26. Bc6 Qa6 27. Bxa8
Rxa8 28. Nc6 Qxa2 1-0

[Event "2016 Zone 4.3 Individual Chess Championships - Open"]
[Site "Hotel Riu Le Morne, Mauritius"]
[Date "2016.04.24"]
[Round "1"]
[Board "5"]
[White "JOTEE, Ashvin"]
[Black "ALBERTO, Manuel"]
[Result "0-1"]
[WhiteElo "1729"]
[BlackElo "2195"]
[PlyCount "0"]
[EventDate "2016.04.24"]
[EventRounds "9"]
[EventCountry "MRI"]

1. c4 Nf6 2. Nc3 e6 3. g3 d5 4. cxd5 exd5 5. d4 c6 6. Bg2 Be7 7. Qc2 Na6 8. a3
Nc7 9. Nf3 a5 10. Ne5 Ne6 11. Be3 O-O 12. O-O Nd7 13. Nxd7 Bxd7 14. f3 Bf6 15.
Rfd1 Re8 16. Bf2 Ng5 17. e4 dxe4 18. fxe4 Bg4 19. Rd2 Nh3+ 20. Bxh3 Bxh3 21.
Re1 Bg5 22. Be3 Bxe3+ 23. Rxe3 Qf6 24. Qd1 h5 25. Qf3 Qh6 26. Rf2 Qg6 27. Ne2
Bg4 28. Qf4 Rad8 29. e5 Rd7 30. Nc3 Red8 31. Rd2 Qe6 32. Ne4 0-1

[Event "2016 Zone 4.3 Individual Chess Championships - Open"]
[Site "Hotel Riu Le Morne, Mauritius"]
[Date "2016.04.24"]
[Round "1"]
[Board "6"]
[White "DOMINGOS, Paulino"]
[Black "GOORSAHYE, Antoine"]
[Result "1-0"]
[WhiteElo "2178"]
[BlackElo "1715"]
[PlyCount "0"]
[EventDate "2016.04.24"]
[EventRounds "9"]
[EventCountry "MRI"]

1. e4 e5 2. Nf3 Nc6 3. Bc4 Bc5 4. O-O Nf6 5. d3 d6 6. Bg5 h6 7. Bh4 g5 8. Bg3
a6 9. a4 Bg4 10. c3 Ne7 11. d4 exd4 12. cxd4 Bb6 13. a5 Bxf3 14. gxf3 Ba7 15.
Qb3 Bxd4 16. Bxf7+ Kf8 17. Nc3 Rb8 18. Rfd1 Nc6 19. Bg6 Qe7 20. Nd5 Nxd5 21.
exd5 Ne5 22. Rxd4 Nxg6 23. Rb4 Kf7 24. Rxb7 Rxb7 25. Qxb7 Nf4 26. Bxf4 gxf4 27.
Rc1 Rg8+ 28. Kh1 Qg5 29. Qxc7+ Kg6 30. Rg1 Qxg1+ 31. Kxg1 Kf5+ 32. Kf1 Ke5 33.
Qe7+ 1-0

[Event "2016 Zone 4.3 Individual Chess Championships - Open"]
[Site "Hotel Riu Le Morne, Mauritius"]
[Date "2016.04.24"]
[Round "1"]
[Board "7"]
[White "SAWMYNADEN, Righen Peroumal"]
[Black "VAN RENSBURG, Ryan Pierre"]
[Result "0-1"]
[WhiteElo "1694"]
[BlackElo "2178"]
[PlyCount "0"]
[EventDate "2016.04.24"]
[EventRounds "9"]
[EventCountry "MRI"]

1. d4 d5 2. c4 e5 3. dxe5 d4 4. Nf3 Nc6 5. Bf4 Nge7 6. h3 Ng6 7. Bh2 a5 8. Nbd2
Be7 9. g3 O-O 10. Bg2 Ngxe5 11. O-O Re8 12. Nxe5 Nxe5 13. Qb3 Ra6 14. Nf3 Rb6
15. Qc2 Nxf3+ 16. Bxf3 Bxh3 17. Rfd1 c5 18. g4 Rg6 19. Qf5 Rg5 20. Qf4 Bxg4 21.
Bxg4 h5 22. Kh1 Rxg4 23. Qf3 Bd6 0-1

[Event "2016 Zone 4.3 Individual Chess Championships - Open"]
[Site "Hotel Riu Le Morne, Mauritius"]
[Date "2016.04.25"]
[Round "2"]
[Board "1"]
[White "ALBERTO, Manuel"]
[Black "SOARES, Erikson"]
[Result "0-1"]
[WhiteElo "2195"]
[BlackElo "2265"]
[PlyCount "80"]
[EventDate "2016.04.24"]
[EventRounds "9"]
[EventCountry "MRI"]

1. e4 e6 2. d4 d5 3. e5 c5 4. c3 Nc6 5. Nf3 Qb6 6. a3 Nh6 7. Bd3 Bd7 8. Bc2 Be7
9. O-O cxd4 10. cxd4 Nf5 11. Bxf5 exf5 12. Nc3 Be6 13. Na4 Qd8 14. b4 O-O 15.
Nc5 b6 16. Nd3 g5 17. b5 Na5 18. h4 h6 19. Nh2 Kg7 20. Rb1 Re8 21. Bd2 Nc4 22.
Bb4 Nxa3 23. Rb3 Nc4 24. Bxe7 Qxe7 25. Nb4 Na5 26. hxg5 hxg5 27. Rb2 g4 28. g3
Nc4 29. Nc6 Qg5 30. Ra2 Bd7 31. Nb4 Bxb5 32. Nxd5 Bc6 33. Nf4 Rh8 34. d5 Qh6
35. f3 Ne3 36. Qd4 Nxf1 37. Kxf1 Bb5+ 38. Kg1 Rac8 39. e6+ Qf6 40. Qxf6+ Kxf6
 0-1

[Event "2016 Zone 4.3 Individual Chess Championships - Open"]
[Site "Hotel Riu Le Morne, Mauritius"]
[Date "2016.04.25"]
[Round "2"]
[Board "2"]
[White "PHILLIPS, Roy"]
[Black "DOMINGOS, Paulino"]
[Result "1/2-1/2"]
[WhiteElo "2223"]
[BlackElo "2178"]
[PlyCount "164"]
[EventDate "2016.04.24"]
[EventRounds "9"]
[EventCountry "MRI"]

1. g3 e5 2. Bg2 Bc5 3. d3 Nf6 4. Nf3 d6 5. O-O O-O 6. c3 Bb6 7. Nbd2 c6 8. Qc2
h6 9. Nc4 Bc7 10. e4 Be6 11. Ne3 Nbd7 12. Nh4 d5 13. Nhf5 Bb6 14. h3 d4 15.
cxd4 Bxd4 16. Nxd4 exd4 17. Nc4 Nb6 18. b3 Nxc4 19. bxc4 Nd7 20. Ba3 c5 21. f4
Qa5 22. Bc1 f6 23. Rb1 Rab8 24. Bd2 Qc7 25. Qd1 b5 26. Rxb5 Rxb5 27. cxb5 Bxa2
28. Qa4 Bf7 29. Ra1 Rb8 30. Qxa7 Rb7 31. Qa8+ Qb8 32. Qxb8+ Rxb8 33. Rb1 c4 34.
dxc4 Bxc4 35. Bf1 d3 36. Kf2 Rxb5 37. Rxb5 Bxb5 38. Ke3 Nc5 39. Kd4 Nb3+ 40.
Ke3 Nc5 41. Kd4 Nb3+ 42. Kc3 Nc5 43. Bg2 Ba6 44. Be3 Nd7 45. Kd2 Kf7 46. Bf1 h5
47. Bxd3 Bxd3 48. Kxd3 g6 49. f5 gxf5 50. exf5 Ne5+ 51. Ke4 Nc4 52. Bf4 Nb2 53.
Kd4 Ke7 54. Ke4 Nd1 55. Kf3 Nc3 56. g4 hxg4+ 57. Kxg4 Nd5 58. h4 Kf7 59. Bd2
Ne7 60. Bb4 Nd5 61. Bd2 Kg7 62. Kf3 Nb6 63. Ke4 Nc4 64. Bf4 Nb2 65. Kd5 Nd3 66.
Be3 Kf7 67. h5 Ne5 68. Bf4 Nd3 69. Be3 Ne5 70. h6 Ng4 71. Bf4 Nf2 72. Bd6 Ng4
73. Bf4 Nf2 74. Kd4 Kg8 75. Kd5 Kf7 76. Bd2 Nd3 77. Bc3 Nf2 78. h7 Kg7 79.
Bxf6+ Kxh7 80. Bd4 Ng4 81. Ke4 Nh6 82. f6 Kg6 1/2-1/2

[Event "2016 Zone 4.3 Individual Chess Championships - Open"]
[Site "Hotel Riu Le Morne, Mauritius"]
[Date "2016.04.25"]
[Round "2"]
[Board "3"]
[White "VAN RENSBURG, Ryan Pierre"]
[Black "GAEALAFSHWE, Barileng"]
[Result "1-0"]
[WhiteElo "2178"]
[BlackElo "2203"]
[PlyCount "87"]
[EventDate "2016.04.24"]
[EventRounds "9"]
[EventCountry "MRI"]

1. d4 d5 2. c4 c6 3. Nf3 Nf6 4. g3 Bg4 5. Bg2 e6 6. Qb3 Qb6 7. c5 Qxb3 8. axb3
Bxf3 9. Bxf3 Nbd7 10. Bf4 Be7 11. Nc3 a6 12. b4 Rc8 13. g4 O-O 14. h4 Ne8 15.
g5 Nc7 16. Bg4 Rfe8 17. f3 f5 18. gxf6 Bxf6 19. e3 Nf8 20. Kd2 Na8 21. Bd6 Rcd8
22. f4 Be7 23. Be5 Bf6 24. Bd6 Be7 25. Be5 Bf6 26. Ne2 Bxe5 27. fxe5 Nc7 28.
Rhf1 Re7 29. Rf2 Rf7 30. Raf1 Rxf2 31. Rxf2 Ra8 32. Rf1 a5 33. bxa5 Rxa5 34.
Nc3 Ng6 35. h5 Ne7 36. b4 Ra3 37. b5 Nf5 38. b6 Ne8 39. Bxf5 exf5 40. Rxf5 g6
41. hxg6 hxg6 42. Rf1 Kg7 43. e4 dxe4 44. Nxe4 1-0

[Event "2016 Zone 4.3 Individual Chess Championships - Open"]
[Site "Hotel Riu Le Morne, Mauritius"]
[Date "2016.04.25"]
[Round "2"]
[Board "4"]
[White "RALISON, Milanto Harifidy"]
[Black "JULIO, Joao Do Santos"]
[Result "0-1"]
[WhiteElo "2132"]
[BlackElo "2111"]
[PlyCount "68"]
[EventDate "2016.04.24"]
[EventRounds "9"]
[EventCountry "MRI"]

1. Nf3 c5 2. g3 e6 3. Bg2 Nc6 4. O-O d5 5. d3 Nf6 6. Nbd2 Be7 7. Re1 O-O 8. c3
b6 9. e4 dxe4 10. Nxe4 Bb7 11. Qc2 h6 12. Be3 Nd5 13. Rad1 Rc8 14. Bc1 Re8 15.
g4 Qc7 16. g5 hxg5 17. Nexg5 Nf4 18. Bxf4 Qxf4 19. Re4 Qf5 20. Bh3 Qg6 21. Rg4
Bxg5 22. Rxg5 Qh6 23. Rg3 Rcd8 24. Bg2 Ne7 25. Ne5 Bxg2 26. Rxg2 Nd5 27. Qa4
Qh5 28. Re1 Qf5 29. Re4 Nf6 30. Re3 Nd5 31. Ng4 Kf8 32. Rh3 Nf4 33. Rh8+ Ke7
34. Rxe8+ Rxe8 0-1

[Event "2016 Zone 4.3 Individual Chess Championships - Open"]
[Site "Hotel Riu Le Morne, Mauritius"]
[Date "2016.04.25"]
[Round "2"]
[Board "5"]
[White "SILVA, David"]
[Black "CHINASAMY, Devarajen"]
[Result "1-0"]
[WhiteElo "2342"]
[BlackElo "2030"]
[PlyCount "67"]
[EventDate "2016.04.24"]
[EventRounds "9"]
[EventCountry "MRI"]

1. e4 c5 2. Nf3 g6 3. d4 cxd4 4. Nxd4 Nc6 5. c4 Nf6 6. Nc3 d6 7. Be2 Nxd4 8.
Qxd4 Bg7 9. O-O O-O 10. Qd3 Be6 11. Be3 Ng4 12. Bd4 Ne5 13. Qd1 Nc6 14. Bxg7
Kxg7 15. Qd2 Qa5 16. b3 a6 17. Rad1 Rfc8 18. f4 f5 19. Qb2 Kf7 20. exf5 Bxf5
21. Bf3 Rab8 22. g4 Bd7 23. Bd5+ e6 24. Bg2 Kf8 25. Rxd6 Rd8 26. a3 Bc8 27. b4
Qc7 28. c5 Rxd6 29. cxd6 Qb6+ 30. Qf2 Qxf2+ 31. Kxf2 e5 32. g5 Kg7 33. Bxc6
bxc6 34. fxe5 1-0

[Event "2016 Zone 4.3 Individual Chess Championships - Open"]
[Site "Hotel Riu Le Morne, Mauritius"]
[Date "2016.04.25"]
[Round "2"]
[Board "6"]
[White "MARIE, Patrick"]
[Black "SAWMYNADEN, Righen Peroumal"]
[Result "1/2-1/2"]
[WhiteElo "2065"]
[BlackElo "1694"]
[PlyCount "38"]
[EventDate "2016.04.24"]
[EventRounds "9"]
[EventCountry "MRI"]

1. e4 e5 2. Nf3 Nc6 3. Bc4 Bc5 4. O-O Nf6 5. d3 O-O 6. c3 d6 7. b4 Bb6 8. Bg5
h6 9. Be3 Ne7 10. Bxb6 axb6 11. Nbd2 Ng6 12. d4 Qe7 13. Qc2 Bg4 14. Rfe1 Rfd8
15. g3 Nh7 16. Bf1 Ng5 17. Nxg5 Qxg5 18. Bg2 Qf6 19. d5 h5 1/2-1/2

[Event "2016 Zone 4.3 Individual Chess Championships - Open"]
[Site "Hotel Riu Le Morne, Mauritius"]
[Date "2016.04.25"]
[Round "2"]
[Board "8"]
[White "GOORSAHYE, Antoine"]
[Black "JOTEE, Ashvin"]
[Result "0-1"]
[WhiteElo "1715"]
[BlackElo "1729"]
[PlyCount "96"]
[EventDate "2016.04.24"]
[EventRounds "9"]
[EventCountry "MRI"]

1. e4 e6 2. d4 d5 3. e5 c5 4. c3 Nc6 5. Nf3 Bd7 6. a3 Qb6 7. Bd3 cxd4 8. cxd4
Nxd4 9. Nbd2 Nxf3+ 10. Nxf3 Bb5 11. O-O Bxd3 12. Qxd3 Ne7 13. Be3 Qc7 14. Rac1
Nc6 15. b4 a6 16. Qc3 Rc8 17. Bf4 Be7 18. Nd4 O-O 19. Nxc6 bxc6 20. Qg3 Rfd8
21. Bh6 Bf8 22. f4 Qa7+ 23. Kh1 g6 24. Bg5 Rd7 25. Qh4 c5 26. Rf3 c4 27. Rh3 f5
28. exf6 d4 29. Qg4 Qb6 30. Re1 c3 31. Rd3 Rc6 32. h4 Qb5 33. Qg3 c2 34. Rc1 a5
35. h5 axb4 36. axb4 Bxb4 37. hxg6 hxg6 38. f5 exf5 39. f7+ Rxf7 40. Rxd4 Rh7+
41. Bh4 Rc8 42. Qb3+ Kf8 43. Kg1 Rxh4 44. Rxh4 Bc5+ 45. Kh1 Qxb3 46. Rh8+ Kf7
47. Rxc8 Qe3 48. Rc7+ Kf6 0-1

[Event "2016 Zone 4.3 Individual Chess Championships - Open"]
[Site "Hotel Riu Le Morne, Mauritius"]
[Date "2016.04.25"]
[Round "3"]
[Board "1"]
[White "SOARES, Erikson"]
[Black "VAN RENSBURG, Ryan Pierre"]
[Result "1/2-1/2"]
[WhiteElo "2265"]
[BlackElo "2178"]
[PlyCount "24"]
[EventDate "2016.04.24"]
[EventRounds "9"]
[EventCountry "MRI"]

1. Nf3 Nf6 2. g3 e6 3. Bg2 c5 4. O-O b6 5. Nc3 Bb7 6. Re1 Be7 7. e4 d6 8. d4
cxd4 9. Nxd4 a6 10. Bg5 O-O 11. Rc1 Nbd7 12. h3 Re8 1/2-1/2

[Event "2016 Zone 4.3 Individual Chess Championships - Open"]
[Site "Hotel Riu Le Morne, Mauritius"]
[Date "2016.04.25"]
[Round "3"]
[Board "2"]
[White "DOMINGOS, Paulino"]
[Black "SILVA, David"]
[Result "1/2-1/2"]
[WhiteElo "2178"]
[BlackElo "2342"]
[PlyCount "59"]
[EventDate "2016.04.24"]
[EventRounds "9"]
[EventCountry "MRI"]

1. d4 Nf6 2. c4 g6 3. Nc3 Bg7 4. e4 d6 5. Nf3 O-O 6. Be2 e5 7. O-O Nc6 8. Be3
Ng4 9. Bg5 f6 10. Bc1 exd4 11. Nxd4 Nxd4 12. Qxd4 f5 13. Qd5+ Kh8 14. Bxg4 fxg4
15. c5 dxc5 16. Qxc5 Be5 17. Be3 Qh4 18. g3 Qf6 19. Rad1 Be6 20. Nd5 Qf7 21.
Bd4 Bxd4 22. Qxd4+ Kg8 23. Qe5 Bxd5 24. Rxd5 Rae8 25. Qd4 Re7 26. b3 Rfe8 27.
Re1 Rf8 28. Rf1 Rfe8 29. Re1 Rf8 30. Rf1 1/2-1/2

[Event "2016 Zone 4.3 Individual Chess Championships - Open"]
[Site "Hotel Riu Le Morne, Mauritius"]
[Date "2016.04.25"]
[Round "3"]
[Board "3"]
[White "JULIO, Joao Do Santos"]
[Black "PHILLIPS, Roy"]
[Result "0-1"]
[WhiteElo "2111"]
[BlackElo "2223"]
[PlyCount "56"]
[EventDate "2016.04.24"]
[EventRounds "9"]
[EventCountry "MRI"]

1. e4 g6 2. d4 Bg7 3. c3 d6 4. h3 Nf6 5. Bd3 e5 6. Nf3 Nc6 7. O-O O-O 8. Re1 h6
9. Nbd2 Nh5 10. Nf1 Qf6 11. d5 Ne7 12. Ng3 Nf4 13. Bf1 h5 14. Bxf4 exf4 15. Ne2
g5 16. Ned4 g4 17. hxg4 hxg4 18. e5 dxe5 19. Nxe5 Qg5 20. Qe2 Nxd5 21. Nb5 a6
22. c4 axb5 23. cxd5 Ra6 24. d6 Rxd6 25. Qxb5 c6 26. Nxc6 Qh6 27. Ne7+ Kh8 28.
Bc4 Bd4 0-1

[Event "2016 Zone 4.3 Individual Chess Championships - Open"]
[Site "Hotel Riu Le Morne, Mauritius"]
[Date "2016.04.25"]
[Round "3"]
[Board "4"]
[White "GAEALAFSHWE, Barileng"]
[Black "ALBERTO, Manuel"]
[Result "1/2-1/2"]
[WhiteElo "2203"]
[BlackElo "2195"]
[PlyCount "60"]
[EventDate "2016.04.24"]
[EventRounds "9"]
[EventCountry "MRI"]

1. Nf3 Nf6 2. c4 e6 3. Nc3 d5 4. d4 b6 5. Bg5 Bb7 6. Rc1 a6 7. cxd5 exd5 8. e3
Be7 9. Bd3 O-O 10. O-O h6 11. Bh4 c5 12. dxc5 bxc5 13. Bb1 Nbd7 14. Qb3 Bc6 15.
Rfd1 Qa5 16. Qc2 Rfd8 17. a3 g6 18. Ba2 Nb6 19. e4 g5 20. exd5 Nbxd5 21. Ne5
Bb7 22. Bg3 c4 23. Nxc4 Qc5 24. Ne3 Rac8 25. Nexd5 Bxd5 26. Bxd5 Nxd5 27. h3
Bf6 28. Nxd5 Rxd5 29. Rxd5 Qxc2 30. Rxc2 Rxc2 1/2-1/2

[Event "2016 Zone 4.3 Individual Chess Championships - Open"]
[Site "Hotel Riu Le Morne, Mauritius"]
[Date "2016.04.25"]
[Round "3"]
[Board "5"]
[White "JOTEE, Ashvin"]
[Black "RALISON, Milanto Harifidy"]
[Result "1/2-1/2"]
[WhiteElo "1729"]
[BlackElo "2132"]
[PlyCount "56"]
[EventDate "2016.04.24"]
[EventRounds "9"]
[EventCountry "MRI"]

1. c4 Nf6 2. Nc3 g6 3. g3 Bg7 4. Bg2 O-O 5. d3 c6 6. Rb1 Na6 7. Nf3 Nc7 8. O-O
d5 9. cxd5 Ncxd5 10. Nxd5 Nxd5 11. a3 a5 12. Bd2 a4 13. Qc1 Nc7 14. Bh6 Nb5 15.
Bxg7 Kxg7 16. Qf4 f6 17. d4 Be6 18. Rfd1 Nd6 19. e4 Bb3 20. Re1 Nc4 21. Qc1 e5
22. Bf1 Na5 23. Qe3 exd4 24. Nxd4 Qe7 25. Nxb3 Nxb3 26. e5 Qd7 27. Rbd1 Qf5 28.
e6 Nc5 1/2-1/2

[Event "2016 Zone 4.3 Individual Chess Championships - Open"]
[Site "Hotel Riu Le Morne, Mauritius"]
[Date "2016.04.25"]
[Round "3"]
[Board "6"]
[White "SAWMYNADEN, Righen Peroumal"]
[Black "KOSTER, Jeroen Louis"]
[Result "0-1"]
[WhiteElo "1694"]
[BlackElo "1866"]
[PlyCount "54"]
[EventDate "2016.04.24"]
[EventRounds "9"]
[EventCountry "MRI"]

1. d4 d5 2. c4 e6 3. Nf3 Be7 4. Nc3 Nf6 5. e3 O-O 6. Bd3 c6 7. O-O dxc4 8. Bxc4
b5 9. Bd3 Bb7 10. Bd2 a6 11. Rc1 c5 12. b3 Nc6 13. Ne2 cxd4 14. Nexd4 Nxd4 15.
exd4 Qd5 16. Rc7 Bd6 17. Rxb7 Qxb7 18. Qb1 h6 19. h3 Rac8 20. Re1 Rfd8 21. Rc1
Nd5 22. Re1 Bb4 23. Bh7+ Kf8 24. Qe4 Bxd2 25. Nxd2 Qe7 26. Nf3 Nf6 27. Qd3 Qb4
 0-1

[Event "2016 Zone 4.3 Individual Chess Championships - Open"]
[Site "Hotel Riu Le Morne, Mauritius"]
[Date "2016.04.25"]
[Round "3"]
[Board "8"]
[White "CHINASAMY, Devarajen"]
[Black "GOORSAHYE, Antoine"]
[Result "1-0"]
[WhiteElo "2030"]
[BlackElo "1715"]
[PlyCount "53"]
[EventDate "2016.04.24"]
[EventRounds "9"]
[EventCountry "MRI"]

1. e4 e5 2. Nf3 Nc6 3. Bb5 a6 4. Ba4 Nf6 5. d3 d6 6. c3 b5 7. Bb3 Be7 8. O-O
O-O 9. Re1 Na5 10. Bc2 c5 11. Nbd2 Bb7 12. Nf1 Re8 13. Ng3 g6 14. a4 b4 15. Bd2
Nc6 16. Bb3 bxc3 17. bxc3 Na5 18. Ba2 Qc7 19. Ng5 c4 20. h3 Bf8 21. Be3 h6 22.
Nf3 Rab8 23. Qd2 d5 24. Bxh6 cxd3 25. Bxf8 dxe4 26. Qh6 Rxf8 27. Qxg6+ 1-0

[Event "2016 Zone 4.3 Individual Chess Championships - Open"]
[Site "Hotel Riu Le Morne, Mauritius"]
[Date "2016.04.26"]
[Round "4"]
[Board "1"]
[White "PHILLIPS, Roy"]
[Black "SOARES, Erikson"]
[Result "1/2-1/2"]
[WhiteElo "2223"]
[BlackElo "2265"]
[PlyCount "30"]
[EventDate "2016.04.24"]
[EventRounds "9"]
[EventCountry "MRI"]

1. g3 d5 2. Bg2 Nf6 3. d3 c6 4. f4 g6 5. Nf3 Bg7 6. O-O O-O 7. Qe1 Nbd7 8. e4
dxe4 9. dxe4 e5 10. Nc3 Re8 11. f5 Qb6+ 12. Kh1 gxf5 13. Nh4 Nxe4 14. Nxf5 Nxc3
15. Qxc3 e4 1/2-1/2

[Event "2016 Zone 4.3 Individual Chess Championships - Open"]
[Site "Hotel Riu Le Morne, Mauritius"]
[Date "2016.04.26"]
[Round "4"]
[Board "2"]
[White "VAN RENSBURG, Ryan Pierre"]
[Black "SILVA, David"]
[Result "1/2-1/2"]
[WhiteElo "2178"]
[BlackElo "2342"]
[PlyCount "29"]
[EventDate "2016.04.24"]
[EventRounds "9"]
[EventCountry "MRI"]

1. d4 d5 2. c4 e6 3. Nc3 Nf6 4. cxd5 exd5 5. Bg5 Nbd7 6. e3 c6 7. Bd3 Be7 8.
Nge2 Nf8 9. Qc2 Ne6 10. Bh4 g6 11. O-O O-O 12. Rfd1 Bd7 13. Rab1 Nh5 14. g3 Ng5
15. b4 1/2-1/2

[Event "2016 Zone 4.3 Individual Chess Championships - Open"]
[Site "Hotel Riu Le Morne, Mauritius"]
[Date "2016.04.26"]
[Round "4"]
[Board "3"]
[White "KOSTER, Jeroen Louis"]
[Black "DOMINGOS, Paulino"]
[Result "0-1"]
[WhiteElo "1866"]
[BlackElo "2178"]
[PlyCount "58"]
[EventDate "2016.04.24"]
[EventRounds "9"]
[EventCountry "MRI"]

1. e4 c5 2. Nc3 e6 3. f4 a6 4. Nf3 d5 5. d3 Nc6 6. g3 Nf6 7. Bg2 Be7 8. O-O b5
9. Qe1 dxe4 10. Nxe4 Nd5 11. c3 O-O 12. Be3 c4 13. Bc5 cxd3 14. Bxe7 Ndxe7 15.
Qf2 Rb8 16. Rfd1 b4 17. Nc5 bxc3 18. Rxd3 cxb2 19. Rb1 Qa5 20. Rb3 Qxa2 21.
R1xb2 Qa1+ 22. Rb1 Qxb1+ 23. Rxb1 Rxb1+ 24. Bf1 Rd8 25. Kg2 a5 26. Bd3 Rc1 27.
Ne1 Nd4 28. Bc2 Nxc2 29. Nxc2 Rcd1 0-1

[Event "2016 Zone 4.3 Individual Chess Championships - Open"]
[Site "Hotel Riu Le Morne, Mauritius"]
[Date "2016.04.26"]
[Round "4"]
[Board "4"]
[White "RALISON, Milanto Harifidy"]
[Black "GAEALAFSHWE, Barileng"]
[Result "0-1"]
[WhiteElo "2132"]
[BlackElo "2203"]
[PlyCount "84"]
[EventDate "2016.04.24"]
[EventRounds "9"]
[EventCountry "MRI"]

1. d4 d5 2. c4 e6 3. Nf3 Nf6 4. g3 Be7 5. Bg2 O-O 6. O-O dxc4 7. Ne5 Nc6 8.
Nxc6 bxc6 9. Bxc6 Rb8 10. Bg2 c5 11. Na3 Qxd4 12. Qxd4 cxd4 13. Nxc4 Ba6 14.
Ne5 Bxe2 15. Nc6 Bc5 16. Re1 d3 17. Nxb8 Bb4 18. Bf4 Bxe1 19. Rxe1 e5 20. Bxe5
d2 21. Ra1 Rd8 22. h3 d1=Q+ 23. Rxd1 Rxd1+ 24. Kh2 Nd7 25. Nxd7 Rxd7 26. g4 Bc4
27. a3 Bd5 28. Bf1 Be4 29. Kg3 Rd1 30. Bc4 Bd5 31. Ba6 Rg1+ 32. Kf4 Re1 33. Bc3
Rh1 34. Bd4 Rxh3 35. Bxa7 f6 36. g5 Rh4+ 37. Kf5 Ra4 38. gxf6 Rxa6 39. Bd4 gxf6
40. Bxf6 Kf7 41. Bd4 Bb3 42. Kg5 h6+ 0-1

[Event "2016 Zone 4.3 Individual Chess Championships - Open"]
[Site "Hotel Riu Le Morne, Mauritius"]
[Date "2016.04.26"]
[Round "4"]
[Board "5"]
[White "ALBERTO, Manuel"]
[Black "JULIO, Joao Do Santos"]
[Result "1-0"]
[WhiteElo "2195"]
[BlackElo "2111"]
[PlyCount "51"]
[EventDate "2016.04.24"]
[EventRounds "9"]
[EventCountry "MRI"]

1. Nf3 c5 2. c4 d5 3. cxd5 Nf6 4. e4 Bg4 5. h3 Bh5 6. Nc3 Nbd7 7. g4 Bg6 8. e5
Ng8 9. e6 fxe6 10. dxe6 Nb8 11. Qb3 Qc8 12. Ne5 Nf6 13. Bg2 Nc6 14. Nxc6 bxc6
15. O-O Rb8 16. Qc4 Rb6 17. Re1 Qa6 18. Qxc5 Bd3 19. g5 Nh5 20. Qd4 Rb7 21. Na4
Bb5 22. Nc5 Qb6 23. a4 Rc7 24. axb5 cxb5 25. b4 Rg8 26. Ra6 1-0

[Event "2016 Zone 4.3 Individual Chess Championships - Open"]
[Site "Hotel Riu Le Morne, Mauritius"]
[Date "2016.04.26"]
[Round "4"]
[Board "6"]
[White "MARIE, Patrick"]
[Black "JOTEE, Ashvin"]
[Result "1/2-1/2"]
[WhiteElo "2065"]
[BlackElo "1729"]
[PlyCount "49"]
[EventDate "2016.04.24"]
[EventRounds "9"]
[EventCountry "MRI"]

1. e4 c6 2. d4 d5 3. exd5 cxd5 4. Bd3 Nc6 5. Ne2 Bg4 6. c3 e6 7. Bf4 Bd6 8. f3
Bxf3 9. O-O Bxe2 10. Qxe2 Bxf4 11. Rxf4 Nf6 12. Nd2 Qd6 13. Raf1 O-O-O 14. Nb3
Kb8 15. a4 e5 16. dxe5 Qxe5 17. Qf2 Rhe8 18. Nc5 Qe3 19. Bb5 Qxf2+ 20. Kxf2 Re7
21. Bxc6 bxc6 22. Kg1 Rde8 23. a5 Kc7 24. g4 h6 25. h4 1/2-1/2